El amor y la moda (Record no. 157082)
[ view plain ]
| 000 -LEADER | |
|---|---|
| campo de control de longitud fija | 01218nam a2200229 i 4500 |
| 001 - NÚMERO DE CONTROL | |
| campo de control | 157082 |
| 003 - IDENTIFICADOR DE NÚMERO DE CONTROL | |
| campo de control | ES-MaACL |
| 005 - FECHA Y HORA DE LA ÚLTIMA TRANSACCIÓN | |
| campo de control | 20250824074704.0 |
| 008 - DATOS DE LONGITUD FIJA--INFORMACIÓN GENERAL | |
| campo de control de longitud fija | 000208s1852 sp |||| | spa d |
| 100 1# - ENTRADA PRINCIPAL--NOMBRE DE PERSONA | |
| Nombre de persona | Larra y Wetoret, Luis Mariano de, |
| Fechas asociadas al nombre | 1830-1901 |
| 9 (RLIN) | 70289 |
| 245 13 - MENCIÓN DEL TÍTULO | |
| Título | El amor y la moda |
| Resto del título | : comedia en un acto y en verso / |
| Mención de responsabilidad, etc. | original de Luis Mariano de Larra. |
| 260 ## - PUBLICACIÓN, DISTRIBUCIÓN, ETC. | |
| Lugar de publicación, distribución, etc. | Madrid : |
| Nombre del editor, distribuidor, etc. | [s.n.], |
| Fecha de publicación, distribución, etc. | 1852 ( |
| Fabricante | Imp. de la Viuda de Domínguez y [Imp. que fue de Operarios a cargo de F.R. del Castillo]) |
| 300 ## - DESCRIPCIÓN FÍSICA | |
| Extensión | 34 p. ; |
| Dimensiones | 20 cm. |
| 490 1# - MENCIÓN DE SERIE | |
| Mención de serie | El Teatro: colección de obras dramáticas escogidas por los mejores actores |
| 500 ## - NOTA GENERAL | |
| Nota general | En port.: Representada en el Teatro Español. |
| 530 ## - NOTA DISPONIBLE DE FORMULARIO FÍSICO ADICIONAL | |
| Nota de formato físico adicional disponible | Disponible en formato digital. |
| 596 ## - NOTA AL PIE DE IMPRENTA | |
| NOTA AL PIE DE IMPRENTA | Segunda mención de impresor y mención de serie constan en cub. |
| 830 03 - PUNTO DE ACCESO ADICIONAL DE SERIE-TÍTULO UNIFORME | |
| Título uniforme | El teatro: colección de obras dramáticas escogidas por los mejores autores |
| 9 (RLIN) | 221609 |
| 852 ## - LOCALIZACIÓN | |
| Ubicación | ES-MaACL |
| Número de control de estantería | F-8613(1) |
| Nota libre | - Enc. pasta española |
| condición física | - Falto de cub. original |
| Nota libre | - Enc. en un vol. facticio formando parte de la col. facticia "Teatro español moderno", v. 68 |
| 856 ## - LOCALIZACIÓN Y ACCESO ELECTRÓNICOS | |
| Identificador Uniforme de Recursos | <a href="https://archive.org/details/bub_gb_lnnK3tgIiG8C ">https://archive.org/details/bub_gb_lnnK3tgIiG8C </a> |
| Nota pública | Internet Archive |
| Estatus retirado | Estado de pérdida | Estado de daño | No para préstamo | Colección | Biblioteca de origen | Biblioteca actual | Ubicación en estantería | Fecha de adquisición | Total de préstamos | Signatura topográfica completa | Código de barras | Visto por última vez | Precio de reemplazo | Tipo de ítem Koha |
|---|---|---|---|---|---|---|---|---|---|---|---|---|---|---|
| Colección digital | Biblioteca del Ateneo de Madrid | Biblioteca del Ateneo de Madrid | Sala Pecera Planta 2 | 17/01/2008 | F-8613(1) | 1164352 | 23/02/2023 | 23/02/2023 | Libro impreso antiguo |
